[Event "AUTO-INT-3855"]
[Site "http://www.queenalice.com/game.php?id=1826435"]
[Date "2023.12.3"]
[Round "1"]
[White "novosibirsk"]
[Black "kuntakinte"]
[Result "1-0"]
[WhiteElo "1568"]
[BlackElo "1798"]

1. d4 d5 2. Bf4 e6 3. e3 Nc6 4. Nf3 Bd6 5. Bg3 Nf6 6. Bd3 O-O 7. O-O a6 8. c3 b5
9. Nbd2 b4 10. e4 dxe4 11. Nxe4 bxc3 12. bxc3 Bb7 13. Re1 a5 14. Bh4 Be7 15. Qc2
g6 16. Rab1 Ba6 17. Bxa6 Rxa6 18. Nfd2 a4 19. Nc5 Bxc5 20. dxc5 a3 21. Ne4 Ne7
22. Bxf6 Qd7 23. Qc1 Nd5 24. Qh6 1-0

[Event "AUTO-INT-3855"]
[Site "http://www.queenalice.com/game.php?id=1826436"]
[Date "2023.12.3"]
[Round "1"]
[White "kuntakinte"]
[Black "novosibirsk"]
[Result "0-1"]
[WhiteElo "1803"]
[BlackElo "1490"]

1. e4 e6 2. d4 d5 3. e5 c5 4. c3 Nc6 5. Nf3 Bd7 6. Bg5 Qb6 7. Be3 Qxb2 8. Nbd2
Qxc3 9. Rc1 Qa5 10. dxc5 Nge7 11. Ra1 Ng6 12. Bd3 Ncxe5 13. Bxg6 Nxf3+ 14. Qxf3
hxg6 15. O-O Bxc5 16. Nb3 Qc7 17. Bxc5 Qxh2# 0-1

[Event "Let's Play 801"]
[Site "http://www.queenalice.com/game.php?id=1850734"]
[Date "2025.1.24"]
[Round "-"]
[White "novosibirsk"]
[Black "digger"]
[Result "1-0"]
[WhiteElo "1648"]
[BlackElo "1631"]

1. e4 e5 2. Nf3 Nc6 3. Bb5 Qf6 4. O-O a6 5. Ba4 b5 6. Bb3 Ra7 7. c3 Bc5 8. d4
exd4 9. cxd4 Nxd4 10. Nxd4 Bxd4 11. e5 Bxe5 12. Re1 d6 13. f4 Ne7 14. fxe5 dxe5
15. Nc3 Qb6+ 16. Be3 c5 17. Ne4 Qc6 18. Nxc5 Rc7 19. Qh5 Qg6 20. Qxe5 Rc6 21.
Bg5 Be6 22. Nxe6 fxe6 23. Bxe6 Rxe6 24. Qxe6 Qxe6 25. Rxe6 Kd7 26. Rxe7+ Kc6 27.
Rc1+ Kb6 28. b4 h6 29. Be3# 1-0

[Event "Let's Play 802"]
[Site "http://www.queenalice.com/game.php?id=1850735"]
[Date "2025.1.25"]
[Round "-"]
[White "digger"]
[Black "novosibirsk"]
[Result "1-0"]
[WhiteElo "1650"]
[BlackElo "1576"]

1. e4 e6 2. d4 d5 3. f3 dxe4 4. fxe4 Qh4+ 5. g3 Qxe4+ 6. Qe2 Qxh1 7. Nf3 Bd7 8.
d5 Nf6 9. Bf4 Nxd5 10. Nbd2 Nxf4 11. Qf2 Nd5 12. O-O-O a6 13. Bc4 Qxd1+ 14. Kxd1
Bc6 15. b3 Nd7 16. Ng5 N7f6 17. h3 h6 18. Ngf3 Bd6 19. g4 O-O 20. Nd4 Bd7 21.
Kc1 b5 22. Bd3 c5 23. Ne2 Bc6 24. c4 Nb4 25. Bb1 a5 26. a3 Na6 27. Nc3 b4 28.
axb4 Nxb4 29. Qe2 a4 30. Qe3 axb3 31. Nxb3 1-0

[Event "Let's Play Chess!"]
[Site "http://www.queenalice.com/game.php?id=1850810"]
[Date "2025.1.24"]
[Round "-"]
[White "novosibirsk"]
[Black "Charlie"]
[Result "1-0"]
[WhiteElo "1543"]
[BlackElo "1681"]

1. e4 c5 2. Nf3 Nc6 3. d4 cxd4 4. Nxd4 Nxd4 5. Qxd4 Nf6 6. Bc4 d6 7. O-O e6 8.
Nc3 Be7 9. Bg5 O-O 10. Bb3 a6 11. f4 e5 12. fxe5 Ng4 13. Bxe7 Qxe7 14. exd6 Qh4
15. h3 Nf6 16. Rf3 Be6 17. Raf1 Rad8 18. Bxe6 fxe6 19. Qc4 Rxd6 20. Qc7 Rd7 21.
Qc4 Rd6 22. Qb3 Rf7 23. e5 Qd4+ 24. Kh1 Qxe5 25. Nd1 Qh5 26. Ne3 Qg6 27. Nc4
Rdd7 28. Nb6 Rd2 29. Rg1 Rxc2 30. Rd3 Rc6 31. Nc4 Ne4 32. Ne5 1-0

[Event "Let's Play Chess!"]
[Site "http://www.queenalice.com/game.php?id=1850873"]
[Date "2025.1.25"]
[Round "-"]
[White "igor12345"]
[Black "novosibirsk"]
[Result "1-0"]
[WhiteElo "2010"]
[BlackElo "1558"]

1. e4 e6 2. d4 d5 3. Nd2 Nf6 4. Ngf3 dxe4 5. Ng5 Qxd4 6. Nb3 Qxd1+ 7. Kxd1 h6 8.
Nh3 Bd6 9. Bf4 e5 10. Be3 Bxh3 11. gxh3 Nbd7 12. Rg1 Rg8 13. Bc4 O-O-O 14. Bxf7
Rgf8 15. Be6 g5 16. Ke2 Kb8 17. Nd2 Nc5 18. Bf5 c6 19. Nc4 Be7 20. Nxe5 Nd5 21.
Bg4 Kc7 22. Ng6 Rf7 23. Nxe7 Nxe3 24. Kxe3 Rxe7 25. b3 Ne6 26. Rad1 Nf4 27. Rxd8
Kxd8 28. Rd1+ Kc7 29. Rd4 Nd5+ 30. Kd2 Nf4 31. Bf5 c5 32. Rxe4 Rf7 33. Bg4 h5
34. Bd1 Nxh3 35. f3 Kd6 36. c4 Kc6 37. Re6+ Kd7 38. Re5 Kc6 39. a3 1-0

[Event "Let's Play Chess!"]
[Site "http://www.queenalice.com/game.php?id=1850986"]
[Date "2025.1.25"]
[Round "-"]
[White "Scar"]
[Black "novosibirsk"]
[Result "1-0"]
[WhiteElo "1726"]
[BlackElo "1664"]

1. e4 c6 2. d4 d5 3. e5 Bf5 4. Bd3 Bxd3 5. Qxd3 e6 6. Nf3 Ne7 7. Bg5 Qc7 8. O-O
Ng6 9. Re1 Be7 10. Nbd2 O-O 11. g3 c5 12. c3 Nc6 13. h4 h6 14. Be3 Rfe8 15. Kg2
Nf8 16. Rh1 f5 17. exf6 Bxf6 18. dxc5 Rac8 19. b4 a6 20. Nb3 Nd7 21. Nfd4 Nde5
22. Qc2 Nc4 23. Nxc6 Qxc6 24. Nd4 Qd7 25. Bc1 e5 26. Nf5 e4 27. Nd6 Rf8 28. Nxc8
Qxc8 29. Rb1 Qf5 30. a4 Qf3+ 31. Kg1 Bxc3 32. Rb3 d4 33. Kh2 Ne5 34. Kg1 Ng4 35.
Bf4 Rxf4 36. gxf4 Be1 37. Rxf3 exf3 38. Qc4+ Kh8 39. Rh2 1-0

[Event "AUTO-ADV-4843"]
[Site "http://www.queenalice.com/game.php?id=1851019"]
[Date "2025.1.25"]
[Round "1"]
[White "Capixaba789"]
[Black "novosibirsk"]
[Result "1-0"]
[WhiteElo "1962"]
[BlackElo "1617"]

1. e4 c6 2. d4 d5 3. exd5 cxd5 4. Nc3 Nc6 5. Nf3 Nf6 6. Be2 Bg4 7. O-O e6 8. Ne5
Bxe2 9. Nxe2 Bd6 10. f4 O-O 11. c3 a6 12. Ng3 Nd7 13. Qf3 f6 14. Nxc6 bxc6 15.
f5 e5 16. dxe5 Nxe5 17. Qf2 Qe7 18. Bf4 Bc5 19. Be3 Ng4 20. Bxc5 Nxf2 21. Bxe7
Nh3+ 22. gxh3 Rfe8 23. Rae1 Kf7 24. Bc5 1-0

[Event "AUTO-ADV-4843"]
[Site "http://www.queenalice.com/game.php?id=1851020"]
[Date "2025.1.25"]
[Round "1"]
[White "novosibirsk"]
[Black "Capixaba789"]
[Result "0-1"]
[WhiteElo "1563"]
[BlackElo "1844"]

1. e4 e5 2. Nf3 d6 3. d4 exd4 4. Nxd4 Nf6 5. Nc3 Be7 6. Be2 c5 7. Nb3 Nc6 8. Bg5
Be6 9. O-O Ne5 10. f4 Nc6 11. Bf3 O-O 12. a3 Qc7 13. Kh1 Rfe8 14. Qe2 a6 15.
Rad1 Rab8 16. Bxf6 Bxf6 17. Nd5 Bxd5 18. Rxd5 Bxb2 19. Qd3 Bxa3 20. Rxd6 Nd4 21.
e5 Nxb3 22. cxb3 a5 23. Rd7 Qc8 24. Qd5 Rf8 25. Be2 Bb4 26. Bc4 b5 27. Rxf7 Rxf7
28. Qxf7+ Kh8 29. Be6 Qd8 30. h3 Qf8 31. Qc7 a4 0-1

[Event "AUTO-ADV-4843"]
[Site "http://www.queenalice.com/game.php?id=1851035"]
[Date "2025.1.25"]
[Round "1"]
[White "Nino75"]
[Black "novosibirsk"]
[Result "1-0"]
[WhiteElo "1990"]
[BlackElo "1650"]

1. e4 Nf6 2. Nc3 d6 3. d4 g6 4. Nf3 Bg7 5. Bd3 O-O 6. h4 h5 7. Bd2 a6 8. Qe2 c5
9. e5 dxe5 10. Qxe5 cxd4 11. Qxd4 Qxd4 12. Nxd4 Nbd7 13. O-O-O Ne5 14. Be2 Bd7
15. f4 Neg4 16. Be1 b5 17. Bf3 Rac8 18. Bb7 Rc7 19. Bxa6 b4 20. Nce2 Ne4 21. Rg1
Ne3 22. Rd3 Nf5 23. Nxf5 Bxf5 24. Nd4 Nc5 25. Nxf5 Nxd3+ 26. Bxd3 1-0

[Event "AUTO-ADV-4843"]
[Site "http://www.queenalice.com/game.php?id=1851036"]
[Date "2025.1.25"]
[Round "1"]
[White "novosibirsk"]
[Black "Nino75"]
[Result "1-0"]
[WhiteElo "1615"]
[BlackElo "1980"]

1. e4 e5 2. Nf3 Nc6 3. d4 d5 4. dxe5 dxe4 5. Qxd8+ Kxd8 6. Ng5 Nxe5 7. Bf4 f6 8.
Bxe5 fxg5 9. Nc3 Nf6 10. Bxf6+ gxf6 11. Nxe4 Bg7 12. O-O-O+ Bd7 13. Nc5 b6 14.
Nxd7 Ke7 15. Bb5 a6 16. Rhe1+ Kf7 17. Bc4+ Kg6 18. Re7 Rhe8 19. Bf7+ Kh6 20.
Bxe8 1-0

[Event "AUTO-ADV-4843"]
[Site "http://www.queenalice.com/game.php?id=1851047"]
[Date "2025.1.25"]
[Round "1"]
[White "novosibirsk"]
[Black "chessman"]
[Result "0-1"]
[WhiteElo "1639"]
[BlackElo "1898"]

1. e4 e6 2. d4 d5 3. e5 c5 4. c3 Nc6 5. Nf3 cxd4 6. cxd4 Bd7 7. Be2 Bb4+ 8. Nc3
Nge7 9. O-O O-O 10. Be3 h6 11. Rc1 Ng6 12. a3 Be7 13. Bd3 a6 14. Bxg6 fxg6 15.
Qd3 g5 16. Ne2 Qe8 0-1

[Event "AUTO-ADV-4843"]
[Site "http://www.queenalice.com/game.php?id=1851048"]
[Date "2025.1.25"]
[Round "1"]
[White "chessman"]
[Black "novosibirsk"]
[Result "1-0"]
[WhiteElo "1904"]
[BlackElo "1633"]

1. e4 Nf6 2. d3 d6 3. Nf3 g6 4. Be2 Bg7 5. O-O O-O 6. Nc3 Nbd7 7. Re1 b6 8. Be3
Bb7 9. h3 c5 10. a3 e6 11. Qd2 d5 12. Bh6 dxe4 13. dxe4 Bh8 14. Bxf8 Qxf8 15.
Bf1 Rd8 16. Qe2 1-0

[Event "AUTO-OPEN-4573"]
[Site "http://www.queenalice.com/game.php?id=1851370"]
[Date "2025.2.1"]
[Round "1"]
[White "novosibirsk"]
[Black "maurice916"]
[Result "0-1"]
[WhiteElo "1643"]
[BlackElo "1937"]

1. e4 c6 2. d4 d5 3. Nc3 dxe4 4. Nxe4 Nf6 5. Nxf6+ exf6 6. c3 Bd6 7. Be2 O-O 8.
Nf3 Bg4 9. O-O Re8 10. h3 Bh5 11. Be3 Nd7 12. Qd2 Nf8 13. Rfe1 Ne6 14. Rad1 Bg6
15. Bd3 Qc7 16. Bxg6 hxg6 17. Qd3 Nf4 18. Qc2 Re7 19. Nd2 Rae8 0-1

[Event "AUTO-OPEN-4573"]
[Site "http://www.queenalice.com/game.php?id=1851371"]
[Date "2025.2.1"]
[Round "1"]
[White "maurice916"]
[Black "novosibirsk"]
[Result "1-0"]
[WhiteElo "1932"]
[BlackElo "1648"]

1. Nf3 Nf6 2. b3 d6 3. Bb2 e5 4. d3 Nc6 5. e4 Be7 6. Nc3 O-O 7. Be2 Be6 8. O-O
a6 9. Nd2 Re8 10. f4 exf4 11. Rxf4 Ne5 12. d4 Ng6 13. Rf1 c6 14. Nf3 Nf4 15. d5
Bd7 16. dxc6 bxc6 17. Bc4 Nxe4 18. Nxe4 d5 19. Qd4 1-0

[Event "AUTO-OPEN-4573"]
[Site "http://www.queenalice.com/game.php?id=1851372"]
[Date "2025.2.1"]
[Round "1"]
[White "novosibirsk"]
[Black "dosoldini"]
[Result "0-1"]
[WhiteElo "1611"]
[BlackElo "1562"]

1. c4 e5 2. g3 Nf6 3. Bg2 Bc5 4. e3 Qe7 5. Ne2 Nc6 6. Nbc3 O-O 7. O-O d6 8. a3
Be6 9. d4 exd4 10. exd4 Rad8 11. dxc5 dxc5 12. Qc2 Bxc4 13. Be3 Bd3 14. Qb3 Na5
15. Nf4 Nxb3 16. Nxd3 Nxa1 17. Nf4 Nc2 0-1

[Event "AUTO-OPEN-4573"]
[Site "http://www.queenalice.com/game.php?id=1851373"]
[Date "2025.2.1"]
[Round "1"]
[White "dosoldini"]
[Black "novosibirsk"]
[Result "1-0"]
[WhiteElo "1580"]
[BlackElo "1593"]

1. e4 Nf6 2. Nc3 d6 3. h3 g6 4. Bc4 Bg7 5. Qf3 O-O 6. Nge2 e5 7. d3 Nc6 8. a3
Be6 9. Bd5 Rb8 10. Be3 Nxd5 11. exd5 Nd4 12. Nxd4 exd4 13. dxe6 dxc3 14. b3 fxe6
15. Qe4 Qf6 16. O-O-O 1-0

[Event "AUTO-OPEN-4648"]
[Site "http://www.queenalice.com/game.php?id=1871972"]
[Date "2026.4.15"]
[Round "1"]
[White "MarcosT"]
[Black "novosibirsk"]
[Result "1-0"]
[WhiteElo "2128"]
[BlackElo "1585"]

1. e4 c6 2. Nf3 d5 3. e5 Bg4 4. Be2 e6 5. d4 c5 6. c3 Nc6 7. O-O Nge7 8. Re1 Ng6
9. Nbd2 Nf4 10. h3 Bxh3 11. gxh3 Nxh3+ 12. Kh2 Nxf2 13. Qc2 Rc8 14. Nf1 cxd4 15.
Kg2 Ne4 16. Bd3 dxc3 17. bxc3 Nc5 18. Bb5 Be7 19. Be3 O-O 20. Ng3 Qc7 21. Bg5 g6
22. Rh1 d4 23. Bxe7 Nxe7 24. Rh6 Nd5 25. Kf2 dxc3 26. Rah1 f5 27. Rxh7 Qxh7 28.
Rxh7 Kxh7 29. Ng5+ Kh6 30. Qc1 f4 31. N3e4 Ne3 32. Qh1+ Kg7 33. Qh7# 1-0

[Event "AUTO-OPEN-4648"]
[Site "http://www.queenalice.com/game.php?id=1871996"]
[Date "2026.4.15"]
[Round "1"]
[White "Thisistheway"]
[Black "novosibirsk"]
[Result "1-0"]
[WhiteElo "1970"]
[BlackElo "1565"]

1. e4 c5 2. d4 cxd4 3. c3 dxc3 4. Nxc3 Nc6 5. Nf3 e6 6. Bb5 a6 7. Bxc6 dxc6 8.
Qxd8+ Kxd8 9. Na4 Kc7 10. Be3 Nf6 11. O-O-O Nxe4 12. Bb6+ Kb8 13. Rd4 Nxf2 14.
Rf1 1-0

[Event "AUTO-OPEN-4648"]
[Site "http://www.queenalice.com/game.php?id=1871997"]
[Date "2026.4.15"]
[Round "1"]
[White "novosibirsk"]
[Black "Thisistheway"]
[Result "0-1"]
[WhiteElo "1583"]
[BlackElo "2236"]

1. e4 d5 2. exd5 Qxd5 3. Nf3 Bg4 4. Be2 Nc6 5. O-O O-O-O 6. Nc3 Qf5 7. d3 e6 8.
Be3 Nf6 9. Qd2 h5 10. b4 Bxb4 11. Rab1 Qa5 12. Rb3 Nd5 13. Rxb4 Qxb4 14. Rb1
Qxc3 15. Qc1 Nxe3 16. Qxe3 Bxf3 17. Bxf3 Qxc2 18. Rc1 Qxd3 19. Qxd3 Rxd3 20. a4
Rhd8 21. Bxc6 Rd1+ 0-1

[Event "AUTO-OPEN-4648"]
[Site "http://www.queenalice.com/game.php?id=1872011"]
[Date "2026.4.15"]
[Round "1"]
[White "novosibirsk"]
[Black "SGF"]
[Result "1-0"]
[WhiteElo "1565"]
[BlackElo "1658"]

1. e4 e5 2. Nf3 Qf6 3. Bc4 d6 4. d4 Be7 5. dxe5 dxe5 6. Nc3 c6 7. Ne2 b5 8. Bb3
a5 9. a4 b4 10. O-O h6 11. Be3 Ba6 12. Re1 g5 13. Ng3 Nd7 14. Nh5 Qg6 15. Qxd7+
Kxd7 16. Nxe5+ Kc7 17. Nxg6 Rh7 18. Nxe7 Nxe7 19. Nf6 Rg7 20. Bc5 Ng8 21. e5
Nxf6 22. exf6 Rg6 23. Re7+ Kd8 24. Rd1+ Kc8 25. Re8+ Kb7 26. Rd7# 1-0